European Flags (including territories) - Statistics

General Stats
  • This quiz has been taken 16 times
  • The average score is 33 of 54
Answer Stats
Picture Answer % Correct
Albania
86%
Sweden
79%
Belarus
71%
Belgium
71%
France
71%
Austria
64%
Croatia
64%
Cyprus
64%
Czechia
64%
Denmark
64%
Estonia
64%
Finland
64%
Germany
64%
Greece
64%
Hungary
64%
Iceland
64%
Ireland
64%
Italy
64%
Latvia
64%
Lithuania
64%
Luxembourg
64%
Malta
64%
Monaco
64%
Netherlands
64%
Norway
64%
Portugal
64%
Romania
64%
Russia
64%
Slovakia
64%
Spain
64%
Switzerland
64%
Ukraine
64%
United Kingdom
64%
Vatican City
64%
Andorra
57%
Bosnia and Herzegovina
57%
Kosovo
57%
Liechtenstein
57%
Moldova
57%
Montenegro
57%
North Macedonia
57%
Poland
57%
San Marino
57%
Serbia
57%
Slovenia
57%
Turkiye
57%
Bulgaria
50%
Faroe Islands
50%
Gibraltar
50%
Guernsey
50%
Isle of Man
50%
Jersey
50%
Aland Islands
43%
Svalbard and Jan Mayen
14%
No matching quizzes found
Score Distribution
Percent of People with Each Score
Percentile by Number Answered
Your Score History
You have not taken this quiz